Cyclodextrins for chemosensing / (Record no. 53322)

MARC details
000 -LEADER
fixed length control field 00532nam a2200193Ia 4500
005 - DATE AND TIME OF LATEST TRANSACTION
control field 20260429112303.0
008 - FIXED-LENGTH DATA ELEMENTS--GENERAL INFORMATION
fixed length control field 260429s9999||||xx |||||||||||||| ||und||
020 ## - INTERNATIONAL STANDARD BOOK NUMBER
International Standard Book Number 9783031892981
041 ## - LANGUAGE CODE
Language English
082 ## - DEWEY DECIMAL CLASSIFICATION NUMBER
Classification number 547
Item number KRI
100 ## - MAIN ENTRY--PERSONAL NAME
Personal name Krishnamoorthy, Sivakumar
245 #0 - TITLE STATEMENT
Title Cyclodextrins for chemosensing /
Statement of responsibility, etc Sivakumar Krishnamoorthy
260 ## - PUBLICATION, DISTRIBUTION, ETC. (IMPRINT)
Place of publication, distribution, etc Switzerland :
Name of publisher, distributor, etc Springer,
Date of publication, distribution, etc 2025.
300 ## - PHYSICAL DESCRIPTION
Extent xi, 374 p.; hb
650 ## - SUBJECT ADDED ENTRY--TOPICAL TERM
Topical term or geographic name as entry element Analytical chemistry
650 ## - SUBJECT ADDED ENTRY--TOPICAL TERM
Topical term or geographic name as entry element Chemosensors
650 ## - SUBJECT ADDED ENTRY--TOPICAL TERM
Topical term or geographic name as entry element Cyclodextrins
942 ## - ADDED ENTRY ELEMENTS (KOHA)
Koha item type Text Books
Holdings
Withdrawn status Lost status Damaged status Not for loan Collection code Home library Location Shelving location Date of Cataloging Source of acquisition Total Checkouts Full call number Barcode Date last seen Price effective from Koha item type
        Non-fiction CUTN Central Library CUTN Central Library Sciences 29/04/2026 Apollo Book Distributors, Bengaluru - Invoice No. 2025-2026/229 on 04-03-2026   547 KRI 58663 29/04/2026 29/04/2026 Text Books